| 000 | 00429nam a2200181Ia 4500 | ||
|---|---|---|---|
| 001 | 10405 | ||
| 005 | 20260306161830.0 | ||
| 008 | 260306t1972||||xx |||||||||||||| ||spa|| | ||
| 041 | _aESP | ||
| 082 |
_a923.2 _bP635 |
||
| 100 |
_aPemán, José M. _eAUT |
||
| 245 | 0 | _aMis almuerzos con gente importante | |
| 260 | _c1972 | ||
| 300 |
_a283 páginas : _c20 cm. |
||
| 650 | _aGEN | ||
| 654 | _aCHU | ||
| 942 |
_cLIB _dJUS _fJUS _2ddc _n |
||
| 999 |
_c10405 _d10405 |
||